| 000 | 01453cam a2200361Ii 4500 | ||
|---|---|---|---|
| 001 | 9781315863146 | ||
| 008 | 180706s2013 enk ob 001 0 eng d | ||
| 020 |
_a9781315863146 _q(e-book : PDF) |
||
| 020 |
_a9781317950806 _q(e-book: Mobi) |
||
| 020 |
_a9781317950813 _q(e-book: ePub) |
||
| 020 |
_z9780415839068 _q(hardback) |
||
| 024 |
_a10.4324/9781315863146 _2doi |
||
| 035 | _a(OCoLC)897465958 | ||
| 043 | _ae-uk--- | ||
| 050 |
_aKD1833 _b.M36 2013 |
||
| 082 |
_a343.41096 _bM271 |
||
| 100 |
_aMandaraka-Sheppard, Alexandra, _d1949-, _eauthor. |
||
| 240 | _aModern maritime law and risk management | ||
| 245 |
_aModern maritime law / _cAleka Mandaraka-Sheppard. |
||
| 250 | _aThird edition. | ||
| 260 |
_aAbingdon, Oxon [England] : _bRoutledge, _c2013. |
||
| 300 | _a1 online resource | ||
| 490 | _aMaritime and transport law library | ||
| 500 | _a"Alan van Pragg - contributor to Rule B attachment under US Law." | ||
| 500 | _aRevision of the author's Modern maritime law and risk management. | ||
| 504 | _aIncludes bibliographical references and indexes. | ||
| 505 | _av. 1. Risks and jurisdiction -- v. 2. Managing risks and liabilities. | ||
| 650 |
_aAdmiralty _zGreat Britain. |
||
| 650 |
_aRisk management _zGreat Britain. |
||
| 776 |
_iPrint version: _z9780415839068 _w(DLC) 2013011843 |
||
| 830 | _aMaritime and transport law library. | ||
| 856 |
_uhttps://www.taylorfrancis.com/books/9781315863146 _zClick here to view. |
||
| 999 |
_c12716 _d12716 |
||